| 000 | 00974 a2200169 4500 | ||
|---|---|---|---|
| 003 | Nust | ||
| 005 | 20221117181625.0 | ||
| 040 | _cNust | ||
| 082 | _a621.380283,COL | ||
| 245 |
_aAntenna therory _bPart-2 / _cRobert E. Collin & Francis J. Zucker |
||
| 260 |
_aMcGraw-Hill Book Company _bSydney _c1969 |
||
| 300 | _axv, 683 p | ||
| 505 | _aWave Fronts Rays, and Focal Surfaces (Page-1), Reflector Antennas (Page-36), Lens Antennas (Page-104), General Characteristics of Traveling Wave Antennas (Page-151), Leaky Wave Antennas (Page-259), Surface Wave Antennas (Page-298), Log Periodic Antennas (Page-349), Characteristics of Antennas over Lossy Earth (Page-386), Electromagnetic Fields of Sources in Lossy Media (Page-438), Antennas in Plasma (Page-515), The Antenna as a Spatial Filter (Page-557), Signal Processing Antennas (Page-580), Large Antenna Systems (Page-655). | ||
| 600 |
_aCollin Robert E. _9616 |
||
| 650 |
_aAntenna therory Part-2 _9102978 |
||
| 942 |
_2ddc _cBK |
||
| 999 |
_c181206 _d181206 |
||